[Event "Icelandic Team Championship 2019-21 - 1s"]
[Site "Reykjavik (round 1-5) and Self"]
[Date "2021.05.15"]
[Round "7.3"]
[White "Ulfarsson, Magnus Orn"]
[Black "Gunnarsson, Arnar"]
[Result "1/2-1/2"]
[WhiteElo "2357"]
[BlackElo "2420"]
[PlyCount "141"]
[EventDate "2019.10.03"]
[WhiteTeam "Skákfélagið Huginn"]
[BlackTeam "Skákfélag Selfoss og nágrennis"]

1. e4 {[%emt 0:00:00]} e5 {[%emt 0:00:00]} 2. Nf3 {[%emt 0:00:00]} Nc6 {
[%emt 0:00:00]} 3. Bb5 {[%emt 0:00:00]} a6 {[%emt 0:00:00]} 4. Ba4 {[%emt 0:00:
00]} Nf6 {[%emt 0:00:00]} 5. O-O {[%emt 0:00:00]} Be7 {[%emt 0:00:00]} 6. Re1 {
[%emt 0:00:00]} b5 {[%emt 0:00:00]} 7. Bb3 {[%emt 0:00:00]} O-O {[%emt 0:00:00]
} 8. c3 {[%emt 0:00:00]} d6 {[%emt 0:00:00]} 9. h3 {[%emt 0:00:00]} Na5 {
[%emt 0:00:00]} 10. Bc2 {[%emt 0:00:00]} c5 {[%emt 0:00:00]} 11. d4 {[%emt 0:
00:00]} Qc7 {[%emt 0:00:00]} 12. Nbd2 {[%emt 0:00:00]} cxd4 {[%emt 0:00:00]}
13. cxd4 {[%emt 0:00:00]} Nc6 {[%emt 0:00:00]} 14. a3 {[%emt 0:26:18]} exd4 {
[%emt 0:00:00]} 15. Nb3 {[%emt 0:00:00]} d3 {[%emt 0:00:00]} 16. Bxd3 {[%emt 0:
00:00]} Ne5 {[%emt 0:00:00]} 17. Bb1 {[%emt 0:00:00]} Rd8 {[%emt 0:00:00]} 18.
Nbd4 {[%emt 0:00:00]} Ng6 {[%emt 0:00:00]} 19. Bg5 {[%emt 0:00:00]} h6 {
[%emt 0:00:00]} 20. Bd2 {[%emt 0:00:00]} Bb7 {[%emt 0:00:00]} 21. a4 {[%emt 0:
00:00]} bxa4 {[%emt 0:01:15]} 22. Qxa4 {[%emt 0:00:00]} Re8 {[%emt 0:00:34]}
23. Nf5 {[%emt 0:00:00]} Bf8 {[%emt 0:01:13]} 24. Bc3 {[%emt 0:00:00]} Ne5 {
[%emt 0:01:38]} 25. N3d4 {[%emt 0:00:00]} d5 {[%emt 0:02:39]} 26. exd5 {
[%emt 0:00:00]} Bxd5 {[%emt 0:01:59]} 27. Ne3 {[%emt 0:00:00]} Bb7 {[%emt 0:02:
38]} 28. Bf5 {[%emt 0:00:00]} Ne4 {[%emt 0:01:47]} 29. Ne6 {[%emt 0:00:00]}
Rxe6 {[%emt 0:01:08]} 30. Bxe4 {[%emt 0:00:00]} Bxe4 31. Qxe4 {[%emt 0:00:00]}
Rae8 {[%emt 0:01:08]} 32. Nd5 {[%emt 0:00:00]} Qb8 {[%emt 0:00:52]} 33. Nf4 {
[%emt 0:00:00]} R6e7 {[%emt 0:00:37]} 34. Qd5 {[%emt 0:00:00]} Qb5 {[%emt 0:00:
22]} 35. Qxb5 {[%emt 0:00:00]} axb5 {[%emt 0:00:09]} 36. Nd5 {[%emt 0:00:00]}
Rd7 {[%emt 0:00:54]} 37. Rad1 {[%emt 0:00:00]} Red8 {[%emt 0:00:39]} 38. Rxe5 {
[%emt 0:00:00]} b4 {[%emt 0:00:05]} 39. Be1 {[%emt 0:00:00]} f6 {[%emt 0:00:04]
} 40. Nxf6+ {[%emt 0:00:00]} gxf6 {[%emt 0:00:06]} 41. Rxd7 {[%emt 0:00:00]}
Rxd7 {[%emt 0:00:07]} 42. Re3 {[%emt 0:00:00]} Kf7 {[%emt 0:00:31]} 43. Kf1 {
[%emt 0:00:00]} Bc5 {[%emt 0:01:29]} 44. Re4 {[%emt 0:00:00]} Rd1 {[%emt 0:00:
44]} 45. Rc4 {[%emt 0:00:00]} Bd6 {[%emt 0:00:16]} 46. Ke2 {[%emt 0:00:00]} Rb1
{[%emt 0:00:08]} 47. Bxb4 {[%emt 0:00:00]} Rxb2+ {[%emt 0:00:08]} 48. Bd2 {
[%emt 0:00:00]} h5 {[%emt 0:00:39]} 49. Kd3 {[%emt 0:00:00]} Kg6 {[%emt 0:00:
33]} 50. Rc6 {[%emt 0:00:00]} Be7 {[%emt 0:01:21]} 51. g4 {[%emt 0:00:00]} Rb3+
{[%emt 0:00:33]} 52. Bc3 {[%emt 0:00:00]} hxg4 {[%emt 0:00:07]} 53. hxg4 {
[%emt 0:00:00]} Kg5 {[%emt 0:00:06]} 54. Kc2 {[%emt 0:00:38]} Rb5 {[%emt 0:00:
39]} 55. f3 {[%emt 0:00:28]} Rc5 {[%emt 0:00:23]} 56. Re6 {[%emt 0:01:06]} Bd8
{[%emt 0:00:31]} 57. Kd3 {[%emt 0:00:18]} f5 {[%emt 0:01:18]} 58. Bd2+ {
[%emt 0:00:55]} Kh4 {[%emt 0:00:16]} 59. gxf5 {[%emt 0:00:34]} Rd5+ {[%emt 0:
00:16]} 60. Ke2 {[%emt 0:00:13]} Rxf5 {[%emt 0:00:29]} 61. Rg6 {[%emt 0:00:05]}
Bg5 {[%emt 0:00:55]} 62. Be1+ {[%emt 0:00:26]} Kh5 {[%emt 0:00:09]} 63. Rg8 {
[%emt 0:00:07]} Re5+ {[%emt 0:00:57]} 64. Kf1 {[%emt 0:00:08]} Re6 {[%emt 0:00:
37]} 65. Bg3 {[%emt 0:00:21]} Rg6 {[%emt 0:00:06]} 66. Rc8 {[%emt 0:00:18]} Bf6
{[%emt 0:00:16]} 67. Bb8 {[%emt 0:00:40]} Rg7 {[%emt 0:00:25]} 68. Ke2 {
[%emt 0:00:20]} Kg6 {[%emt 0:00:24]} 69. Ke3 {[%emt 0:00:20]} Rd7 {[%emt 0:00:
15]} 70. Kf4 {[%emt 0:00:23]} Rd8 {[%emt 0:00:14]} 71. Rxd8 {[%emt 0:00:18] 1/
2-1/2 (71) Magnús Örn Úlfarsson,H-Arnar Gunnarsson,S Faxafen 12} 1/2-1/2

[Event "Icelandic Team Championship 2019-21 - 1s"]
[Site "Reykjavik (round 1-5) and Self"]
[Date "2021.05.15"]
[Round "7.3"]
[White "Lagerman, Robert"]
[Black "Kristinsson, Baldur"]
[Result "1/2-1/2"]
[WhiteElo "2298"]
[BlackElo "2191"]
[PlyCount "52"]
[EventDate "2019.10.03"]
[WhiteTeam "Skákfélag Selfoss og nágrennis"]
[BlackTeam "Skákfélagið Huginn"]

1. e4 {[%emt 0:00:00]} c5 {[%emt 0:00:00]} 2. Nf3 {[%emt 0:00:00]} e6 {[%emt 0:
00:00]} 3. d4 {[%emt 0:00:00]} cxd4 {[%emt 0:00:00]} 4. Nxd4 {[%emt 0:00:00]}
a6 {[%emt 0:00:00]} 5. c4 {[%emt 0:00:00]} Nf6 {[%emt 0:00:00]} 6. Nc3 {
[%emt 0:00:00]} Qc7 {[%emt 0:00:00]} 7. Bd3 {[%emt 0:00:00]} d6 {[%emt 0:00:00]
} 8. Be3 {[%emt 0:00:00]} Be7 {[%emt 0:00:00]} 9. Rc1 {[%emt 0:00:00]} Nbd7 {
[%emt 0:00:00]} 10. O-O {[%emt 0:00:00]} O-O {[%emt 0:00:00]} 11. Kh1 {[%emt 0:
00:00]} Re8 {[%emt 0:00:00]} 12. f4 {[%emt 0:00:00]} b6 {[%emt 0:00:00]} 13. b4
{[%emt 0:00:00]} Bb7 {[%emt 0:00:00]} 14. Qf3 {[%emt 0:00:00]} Rac8 {[%emt 0:
00:00]} 15. Nb3 {[%emt 0:00:00]} Qb8 {[%emt 0:00:00]} 16. Qh3 {[%emt 0:00:00]}
Qa8 {[%emt 0:00:00]} 17. Nd2 {[%emt 0:00:00]} Bf8 {[%emt 0:00:00]} 18. Bg1 {
[%emt 0:00:00]} g6 {[%emt 0:00:00]} 19. Qe3 {[%emt 0:00:00]} Bh6 {[%emt 0:00:
00]} 20. Qe2 {[%emt 0:00:00]} d5 {[%emt 0:00:00]} 21. Bd4 {[%emt 0:00:00]} dxe4
{[%emt 0:09:19]} 22. Ncxe4 {[%emt 0:00:00]} Nxe4 {[%emt 0:00:27]} 23. Bxe4 {
[%emt 0:00:00]} e5 {[%emt 0:00:35]} 24. Bxb7 {[%emt 0:00:24]} Qxb7 {[%emt 0:00:
05]} 25. fxe5 {[%emt 0:02:11]} Nxe5 {[%emt 0:01:28]} 26. Bxe5 {[%emt 0:01:27]}
Bxd2 {[%emt 0:00:08]} 1/2-1/2

[Event "Icelandic Team Championship 2019-21 - 1s"]
[Site "Reykjavik (round 1-5) and Self"]
[Date "2021.05.15"]
[Round "7.3"]
[White "Sigfusson, Sigurdur"]
[Black "Sigurdsson, Elvar Mar"]
[Result "1-0"]
[WhiteElo "2298"]
[BlackElo "1737"]
[PlyCount "131"]
[EventDate "2019.10.03"]
[WhiteTeam "Skákfélagið Huginn"]
[BlackTeam "Skákfélag Selfoss og nágrennis"]

1. e4 {[%emt 0:00:00]} e6 {[%emt 0:00:00]} 2. d4 {[%emt 0:00:00]} d5 {[%emt 0:
00:00]} 3. e5 {[%emt 0:00:00]} c5 {[%emt 0:00:00]} 4. c3 {[%emt 0:00:00]} Nc6 {
[%emt 0:00:00]} 5. Nf3 {[%emt 0:00:00]} Qb6 {[%emt 0:00:00]} 6. a3 {[%emt 0:00:
00]} c4 {[%emt 0:00:00]} 7. Nbd2 {[%emt 0:00:00]} Na5 {[%emt 0:00:00]} 8. g3 {
[%emt 0:00:00]} Bd7 {[%emt 0:00:00]} 9. h4 {[%emt 0:00:00]} Ne7 {[%emt 0:00:00]
} 10. Bh3 {[%emt 0:00:00]} h6 {[%emt 0:00:00]} 11. Rb1 {[%emt 0:00:00]} O-O-O {
[%emt 0:00:00]} 12. Qc2 {[%emt 0:00:00]} Kb8 {[%emt 0:00:00]} 13. b3 {[%emt 0:
00:00]} cxb3 {[%emt 0:00:00]} 14. Nxb3 {[%emt 0:00:00]} Ba4 {[%emt 0:00:00]}
15. Nfd2 {[%emt 0:00:00]} Qc7 {[%emt 0:00:00]} 16. Qb2 {[%emt 0:00:00]} Nxb3 {
[%emt 0:00:00]} 17. Nxb3 {[%emt 0:00:00]} Nc8 {[%emt 0:00:00]} 18. Be3 {
[%emt 0:00:00]} Nb6 {[%emt 0:00:00]} 19. Na5 {[%emt 0:00:00]} Rc8 {[%emt 0:00:
00]} 20. Bd2 {[%emt 0:00:00]} Be7 {[%emt 0:00:00]} 21. O-O {[%emt 0:00:00]} Qd7
{[%emt 0:00:00]} 22. Rfc1 {[%emt 0:00:00]} Rc7 {[%emt 0:00:00]} 23. Bf1 {
[%emt 0:00:00]} Nc4 {[%emt 0:00:00]} 24. Nxc4 {[%emt 0:00:00]} dxc4 {[%emt 0:
00:00]} 25. Qa2 {[%emt 0:00:00]} Bb3 {[%emt 0:00:00]} 26. Rxb3 {[%emt 0:00:00]}
cxb3 {[%emt 0:00:00]} 27. Qxb3 {[%emt 0:00:00]} Qd5 {[%emt 0:00:23]} 28. Qb2 {
[%emt 0:00:00]} Rd8 {[%emt 0:05:38]} 29. a4 {[%emt 0:00:00]} Qa5 {[%emt 0:01:
27]} 30. Bb5 {[%emt 0:00:15]} Qb6 {[%emt 0:00:29]} 31. Qa2 {[%emt 0:02:03]} a6
{[%emt 0:01:15]} 32. Bf1 {[%emt 0:01:01]} Qc6 {[%emt 0:00:32]} 33. Rb1 {
[%emt 0:01:10]} Ka8 {[%emt 0:03:23]} 34. Bg2 {[%emt 0:01:32]} Qd7 {[%emt 0:01:
17]} 35. Qb3 {[%emt 0:01:39]} Rb8 {[%emt 0:01:34]} 36. Qb6 {[%emt 0:03:26]} Rc6
{[%emt 0:01:31]} 37. Bxc6 {[%emt 0:00:19]} Qxc6 {[%emt 0:00:03]} 38. Qxc6 {
[%emt 0:00:28]} bxc6 {[%emt 0:00:05]} 39. Rxb8+ {[%emt 0:00:11]} Kxb8 {[%emt 0:
00:02]} 40. c4 {[%emt 0:00:21]} h5 {[%emt 0:01:40]} 41. Kf1 {[%emt 0:00:48]}
Kc7 {[%emt 0:00:40]} 42. Ba5+ {[%emt 0:01:12]} Kd7 {[%emt 0:00:19]} 43. Ke2 {
[%emt 0:00:06]} f6 {[%emt 0:00:18]} 44. f4 {[%emt 0:01:07]} fxe5 {[%emt 0:00:
22]} 45. fxe5 {[%emt 0:00:28]} Ke8 {[%emt 0:01:02]} 46. Bd2 {[%emt 0:02:15]}
Kf7 {[%emt 0:00:11]} 47. Kd3 {[%emt 0:00:31]} Bd8 {[%emt 0:01:15]} 48. Ke4 {
[%emt 0:00:18]} Kg6 {[%emt 0:01:08]} 49. d5 {[%emt 0:00:20]} cxd5+ {[%emt 0:00:
13]} 50. cxd5 {[%emt 0:00:06]} exd5+ {[%emt 0:00:30]} 51. Kxd5 {[%emt 0:00:05]}
Kf7 {[%emt 0:00:25]} 52. Kd6 {[%emt 0:02:37]} Ke8 {[%emt 0:00:09]} 53. Ke6 {
[%emt 0:00:37]} Bb6 {[%emt 0:00:54]} 54. Kf5 {[%emt 0:01:03]} Bf2 {[%emt 0:00:
59]} 55. Bf4 {[%emt 0:00:10]} Kf7 {[%emt 0:00:28]} 56. e6+ {[%emt 0:01:41]} Ke7
{[%emt 0:00:13]} 57. Bg5+ {[%emt 0:00:11]} Ke8 {[%emt 0:00:21]} 58. Kg6 {
[%emt 0:00:34]} Bxg3 {[%emt 0:00:47]} 59. Kxg7 {[%emt 0:00:14]} Bd6 {[%emt 0:
00:55]} 60. Kg6 {[%emt 0:00:19]} Kf8 {[%emt 0:00:28]} 61. Kxh5 {[%emt 0:00:32]}
Kg7 {[%emt 0:00:17]} 62. Kg4 {[%emt 0:00:23]} Bb4 {[%emt 0:00:41]} 63. Kf5 {
[%emt 0:00:12]} Bc3 {[%emt 0:00:18]} 64. h5 {[%emt 0:00:32]} Kf8 {[%emt 0:00:
38]} 65. Kg6 {[%emt 0:00:35]} Ke8 {[%emt 0:00:24]} 66. h6 {[%emt 0:00:18]} 1-0

[Event "Icelandic Team Championship 2019-21 - 1s"]
[Site "Reykjavik (round 1-5) and Self"]
[Date "2021.05.15"]
[Round "7.3"]
[White "Kristjansson, Atli Freyr"]
[Black "Magnusson, Thorsteinn"]
[Result "1-0"]
[WhiteElo "2176"]
[BlackElo "1629"]
[PlyCount "143"]
[EventDate "2019.10.03"]
[WhiteTeam "Skákfélagið Huginn"]
[BlackTeam "Skákfélag Selfoss og nágrennis"]

1. Nf3 {[%emt 0:00:00]} Nc6 {[%emt 0:00:00]} 2. d4 {[%emt 0:00:00]} d5 {
[%emt 0:00:00]} 3. c4 {[%emt 0:00:00]} e6 {[%emt 0:00:00]} 4. Nc3 {[%emt 0:00:
00]} h6 {[%emt 0:00:00]} 5. g3 {[%emt 0:00:00]} Nf6 {[%emt 0:00:00]} 6. Bg2 {
[%emt 0:00:00]} Be7 {[%emt 0:00:00]} 7. O-O {[%emt 0:00:00]} O-O {[%emt 0:00:
00]} 8. e3 {[%emt 0:00:00]} Re8 {[%emt 0:00:00]} 9. b3 {[%emt 0:00:00]} b6 {
[%emt 0:00:00]} 10. Bb2 {[%emt 0:00:00]} Bf8 {[%emt 0:00:00]} 11. Rc1 {[%emt 0:
00:00]} Ne7 {[%emt 0:00:00]} 12. Qc2 {[%emt 0:00:00]} Bb7 {[%emt 0:00:00]} 13.
Rfd1 {[%emt 0:00:00]} c6 {[%emt 0:00:00]} 14. Ne5 {[%emt 0:00:00]} Nd7 {
[%emt 0:00:00]} 15. e4 {[%emt 0:00:00]} dxe4 {[%emt 0:00:00]} 16. Nxe4 {
[%emt 0:00:00]} Nxe5 {[%emt 0:00:00]} 17. dxe5 {[%emt 0:00:00]} Qc7 {[%emt 0:
00:00]} 18. Nd6 {[%emt 0:00:00]} Red8 {[%emt 0:00:00]} 19. Qe4 {[%emt 0:00:00]}
Rab8 {[%emt 0:00:00]} 20. Qf3 {[%emt 0:00:00]} Ng6 {[%emt 0:00:00]} 21. Nxb7 {
[%emt 0:00:00]} Qxb7 {[%emt 0:00:00]} 22. Qxc6 {[%emt 0:00:00]} Qxc6 {[%emt 0:
00:00]} 23. Bxc6 {[%emt 0:00:00]} Bc5 {[%emt 0:00:00]} 24. Kg2 {[%emt 0:00:00]}
Ne7 {[%emt 0:00:00]} 25. Be4 {[%emt 0:00:00]} Nf5 {[%emt 0:00:00]} 26. g4 {
[%emt 0:00:00]} Ne7 {[%emt 0:00:00]} 27. Rb1 {[%emt 0:00:00]} g5 {[%emt 0:00:
00]} 28. Bc3 {[%emt 0:00:00]} a5 {[%emt 0:00:00]} 29. h4 {[%emt 0:00:00]} Kg7 {
[%emt 0:00:00]} 30. hxg5 {[%emt 0:00:00]} hxg5 {[%emt 0:00:00]} 31. Bd2 {
[%emt 0:00:00]} Rd4 {[%emt 0:00:00]} 32. Bf3 {[%emt 0:00:00]} Ng6 {[%emt 0:00:
00]} 33. Bxg5 {[%emt 0:00:00]} Nxe5 {[%emt 0:00:00]} 34. Rxd4 {[%emt 0:00:00]}
Bxd4 {[%emt 0:00:00]} 35. Be2 {[%emt 0:00:00]} Ng6 {[%emt 0:00:00]} 36. Rd1 {
[%emt 0:00:00]} e5 {[%emt 0:00:00]} 37. Be3 {[%emt 0:00:00]} Bxe3 {[%emt 0:00:
00]} 38. fxe3 {[%emt 0:00:00]} f6 {[%emt 0:00:00]} 39. Rd7+ {[%emt 0:00:00]}
Kf8 {[%emt 0:00:54]} 40. Kg3 {[%emt 0:00:00]} Ne7 {[%emt 0:02:25]} 41. Bf3 {
[%emt 0:00:00]} Kf7 {[%emt 0:00:20]} 42. Rd6 {[%emt 0:00:00]} Kg6 {[%emt 0:03:
08]} 43. Be4+ {[%emt 0:00:00]} Kf7 {[%emt 0:01:48]} 44. Rd7 {[%emt 0:00:00]}
Ke6 {[%emt 0:01:13]} 45. Rb7 {[%emt 0:00:00]} Rxb7 {[%emt 0:00:21]} 46. Bxb7 {
[%emt 0:00:00]} Ng6 {[%emt 0:02:37]} 47. a3 {[%emt 0:00:00]} Kd6 {[%emt 0:00:
25]} 48. b4 {[%emt 0:00:00]} axb4 {[%emt 0:00:31]} 49. axb4 {[%emt 0:00:00]}
Kc7 {[%emt 0:00:30]} 50. Be4 {[%emt 0:00:00]} Ne7 {[%emt 0:00:16]} 51. Kh4 {
[%emt 0:00:00]} Kd6 {[%emt 0:00:37]} 52. Kh5 {[%emt 0:00:00]} Ke6 {[%emt 0:00:
34]} 53. Bb7 {[%emt 0:00:00]} Kd6 {[%emt 0:02:05]} 54. Kh6 {[%emt 0:00:00]} Ke6
{[%emt 0:01:02]} 55. Kg7 {[%emt 0:00:00]} f5 {[%emt 0:00:48]} 56. g5 {[%emt 0:
00:00]} f4 {[%emt 0:00:22]} 57. exf4 {[%emt 0:00:00]} exf4 {[%emt 0:00:06]} 58.
Kh6 {[%emt 0:00:00]} Kf5 {[%emt 0:03:11]} 59. Bf3 {[%emt 0:00:00]} Ng8+ {
[%emt 0:02:35]} 60. Kg7 {[%emt 0:00:00]} Ne7 {[%emt 0:00:26]} 61. Kf7 {[%emt 0:
00:00]} Ng6 {[%emt 0:00:37]} 62. Be2 {[%emt 0:01:15]} Ne5+ {[%emt 0:01:49]} 63.
Ke7 {[%emt 0:00:15]} Kxg5 {[%emt 0:00:06]} 64. Kd6 {[%emt 0:01:19]} Kf5 {
[%emt 0:01:22]} 65. Kc7 {[%emt 0:00:29]} f3 {[%emt 0:00:44]} 66. Bf1 {[%emt 0:
00:49]} Ke6 {[%emt 0:00:17]} 67. Kxb6 {[%emt 0:00:23]} Kd7 {[%emt 0:00:38]} 68.
c5 {[%emt 0:00:54]} Kc8 {[%emt 0:00:39]} 69. c6 {[%emt 0:00:21]} Nxc6 {[%emt 0:
01:56]} 70. Kxc6 {[%emt 0:00:10]} f2 {[%emt 0:00:19]} 71. b5 {[%emt 0:00:07]}
Kb8 {[%emt 0:00:07]} 72. Kc5 {[%emt 0:00:05]} 1-0

[Event "Icelandic Team Championship 2019-21 - 1s"]
[Site "Reykjavik (round 1-5) and Self"]
[Date "2021.05.15"]
[Round "7.4"]
[White "Kjartansson, Gudmundur"]
[Black "Thorsteinsdottir, Gudlaug"]
[Result "1-0"]
[WhiteElo "2500"]
[BlackElo "1975"]
[PlyCount "97"]
[EventDate "2019.10.03"]
[WhiteTeam "Taflfélag Reykjavíkur a-sveit"]
[BlackTeam "Taflfélag Garðabæjar"]

1. c4 e6 2. Nc3 d5 3. d4 Nf6 4. cxd5 exd5 5. Bg5 Be7 6. e3 c6 7. Qc2 Nbd7 8.
Bd3 Nf8 9. Nge2 Ne6 10. Bh4 g6 11. O-O O-O 12. f3 c5 13. Qd2 cxd4 14. exd4 Ng7
15. Rae1 Be6 16. Nf4 Qb6 17. Bf2 Bb4 18. a3 Bxc3 19. bxc3 Rac8 20. Bh4 Nd7 21.
Rb1 Qc7 22. Bg3 Qxc3 23. Qxc3 Rxc3 24. Rxb7 Nb6 25. Rxa7 g5 26. Nxe6 Nxe6 27.
Rd1 Nc4 28. Be1 Nb2 29. Bxc3 Nxd1 30. Bd2 h6 31. a4 Nxd4 32. a5 Nb2 33. Bf1 Nc4
34. Bxc4 dxc4 35. Rc7 Nb3 36. Bc3 Rd8 37. a6 Ra8 38. a7 Nc1 39. Kf1 Na2 40. Bd4
c3 41. Ke2 c2 42. Rxc2 Nb4 43. Rb2 Nc6 44. Be3 f5 45. Ra2 f4 46. Bc5 Ne5 47.
Ra6 Kh7 48. Bd4 Nc4 49. Kd3 1-0

[Event "Icelandic Team Championship 2019-21 - 1s"]
[Site "Reykjavik (round 1-5) and Self"]
[Date "2021.05.15"]
[Round "7.4"]
[White "Sigurdsson, Pall"]
[Black "Gretarsson, Helgi Ass"]
[Result "0-1"]
[WhiteElo "1924"]
[BlackElo "2441"]
[PlyCount "76"]
[EventDate "2019.10.03"]
[WhiteTeam "Taflfélag Garðabæjar"]
[BlackTeam "Taflfélag Reykjavíkur a-sveit"]

1. e4 g6 2. d4 Bg7 3. Nf3 c5 4. Nc3 cxd4 5. Nxd4 Nc6 6. Be3 d6 7. Qd2 Nf6 8. f3
O-O 9. O-O-O Bd7 10. g4 Ne5 11. h4 Rc8 12. Kb1 Re8 13. h5 Qa5 14. hxg6 fxg6 15.
Bg5 Nxf3 16. Nxf3 Bxg4 17. Be2 Rxc3 18. Qxc3 Qxc3 19. bxc3 Nxe4 20. Bd2 Bxc3
21. Rh2 Bxd2 22. Rxd2 Nc3+ 23. Kb2 Nxe2 24. Ng5 Ng3 25. Rdg2 Nf1 26. Rxh7 Ne3
27. Rg3 Nc4+ 28. Kb3 Ne5 29. Rh4 Bf5 30. Rg2 Kg7 31. Rgh2 Rc8 32. Rf2 d5 33.
Re2 Kf6 34. Nh7+ Ke6 35. Ng5+ Kd6 36. Rh7 d4 37. Nf7+ Nxf7 38. Rxf7 Be6+ 0-1

[Event "Icelandic Team Championship 2019-21 - 1s"]
[Site "Reykjavik (round 1-5) and Self"]
[Date "2021.05.15"]
[Round "7.4"]
[White "Johannesson, Ingvar Thor"]
[Black "Moller, Baldur Helgi"]
[Result "1-0"]
[WhiteElo "2336"]
[BlackElo "1993"]
[PlyCount "47"]
[EventDate "2019.10.03"]
[WhiteTeam "Taflfélag Reykjavíkur a-sveit"]
[BlackTeam "Taflfélag Garðabæjar"]

1. d4 d5 2. Bf4 Nf6 3. e3 Bf5 4. c4 c6 5. Qb3 Qb6 6. c5 Qxb3 7. axb3 Nh5 8. Bc7
Nd7 9. h3 Nhf6 10. Nf3 a6 11. Nbd2 h6 12. b4 Rc8 13. Bh2 Bc2 14. Be2 e6 15. O-O
Be7 16. Rfc1 Bh7 17. Nb3 Bd8 18. Na5 Bxa5 19. bxa5 Ra8 20. Ra4 Kd8 21. Rb4 Kc8
22. Rc3 Ne8 23. Rcb3 Ra7 24. Rxb7 1-0

[Event "Icelandic Team Championship 2019-21 - 1s"]
[Site "Reykjavik (round 1-5) and Self"]
[Date "2021.05.15"]
[Round "7.4"]
[White "Saemundsson, Bjarni"]
[Black "Birkisson, Bardur Orn"]
[Result "0-1"]
[WhiteElo "1838"]
[BlackElo "2144"]
[PlyCount "102"]
[EventDate "2019.10.03"]
[WhiteTeam "Taflfélag Garðabæjar"]
[BlackTeam "Taflfélag Reykjavíkur a-sveit"]

1. d4 d5 2. Nc3 Nf6 3. Bg5 Ne4 4. Bh4 g5 5. Nxe4 gxh4 6. Nc3 Bf5 7. e3 e6 8.
Bd3 Bg6 9. Nf3 Nc6 10. a3 Qf6 11. Nd2 Bxd3 12. cxd3 Qg6 13. Qf3 Qxd3 14. Rd1
Rg8 15. Qf4 Bd6 16. Qxh4 Qg6 17. g3 Be7 18. Qf4 O-O-O 19. Nf3 Bd6 20. Qh4 Qf5
21. Ke2 Na5 22. Ne5 Bxe5 23. dxe5 Nc4 24. Qd4 Nxe5 25. f4 Qg4+ 26. Kf2 Qf3+ 27.
Kg1 Rxg3+ 28. hxg3 Qxg3+ 29. Kf1 Qf3+ 30. Ke1 Qxh1+ 31. Kd2 Nf3+ 32. Kc1 Nxd4
33. Rxh1 Nf5 34. Rxh7 Nxe3 35. Rxf7 a6 36. Kd2 Nf5 37. Rf6 Re8 38. Na4 b6 39.
Nc3 c6 40. Na4 Kc7 41. Rf7+ Re7 42. Rf6 c5 43. Nc3 Kc6 44. Rf8 Nd6 45. b3 Rf7
46. Ra8 Rxf4 47. Rxa6 Kb7 48. Ra4 Rxa4 49. Nxa4 Nb5 50. Nc3 Nxc3 51. Kxc3 e5
0-1

[Event "Icelandic Team Championship 2019-21 - 1s"]
[Site "Reykjavik (round 1-5) and Self"]
[Date "2021.05.15"]
[Round "7.4"]
[White "Olafsson, Thorvardur"]
[Black "Ingibergsson, Valgard"]
[Result "1-0"]
[WhiteElo "2123"]
[BlackElo "1850"]
[PlyCount "113"]
[EventDate "2019.10.03"]
[WhiteTeam "Taflfélag Reykjavíkur a-sveit"]
[BlackTeam "Taflfélag Garðabæjar"]

1. e4 e5 2. Nf3 Nc6 3. Bb5 Bc5 4. c3 d6 5. d4 exd4 6. cxd4 Bb6 7. d5 a6 8. Ba4
Ba5+ 9. Bd2 Bxd2+ 10. Qxd2 b5 11. dxc6 bxa4 12. Nc3 Ne7 13. Qd4 O-O 14. Qxa4
Bg4 15. Nd4 Ng6 16. f3 Bc8 17. O-O Rb8 18. Qc2 Ne7 19. Rac1 Qe8 20. b3 Rb6 21.
Rfd1 Be6 22. Na4 Rb8 23. Nb2 Qc8 24. Nc4 f6 25. Nxe6 Qxe6 26. Ne3 Rb6 27. Nd5
Nxd5 28. Rxd5 Rfb8 29. Qc4 Kf7 30. Ra5 Qxc4 31. Rxc4 Ra8 32. Kf2 Ke6 33. Ke3
Rb5 34. Rca4 Rb6 35. Rc4 Rb5 36. Raa4 d5 37. Rd4 a5 38. b4 dxe4 39. Rxe4+ Kd6
40. bxa5 Re5 41. Rxe5 Kxe5 42. a6 Kd6 43. a7 Kxc6 44. Kd4 Rd8+ 45. Kc4 Ra8 46.
h4 h5 47. Ra5 Kb6 48. Ra3 Kc6 49. Kd4 Kd6 50. Ra6+ c6 51. Kc4 g5 52. g3 gxh4
53. gxh4 Kc7 54. Kc5 Kb7 55. Ra3 Kc7 56. f4 Kb7 57. f5 1-0

[Event "Icelandic Team Championship 2019-21 - 1s"]
[Site "Reykjavik (round 1-5) and Self"]
[Date "2021.05.15"]
[Round "7.4"]
[White "Gudjonsson, Sindri"]
[Black "Einarsson, Bergsteinn"]
[Result "0-1"]
[WhiteElo "1852"]
[BlackElo "2215"]
[PlyCount "44"]
[EventDate "2019.10.03"]
[WhiteTeam "Taflfélag Garðabæjar"]
[BlackTeam "Taflfélag Reykjavíkur a-sveit"]

1. e4 c5 2. d4 cxd4 3. c3 d3 4. c4 d6 5. Bxd3 Nf6 6. Nf3 e6 7. Nc3 Be7 8. O-O
O-O 9. b3 a6 10. Bb2 Nbd7 11. Qe2 Qc7 12. Rac1 b6 13. Rfd1 Bb7 14. Nd4 g6 15.
h3 Rfe8 16. Qe3 Rac8 17. Nde2 Qc5 18. Qd2 Qh5 19. Ng3 Qh4 20. Qe3 d5 21. cxd5
Bc5 22. Qd2 Qxg3 0-1

[Event "Icelandic Team Championship 2019-21 - 1s"]
[Site "Reykjavik (round 1-5) and Self"]
[Date "2021.05.15"]
[Round "7.4"]
[White "Birkisson, Bjorn Holm"]
[Black "Sigurthorsson, Kristinn J"]
[Result "0-1"]
[WhiteElo "2090"]
[BlackElo "1778"]
[PlyCount "56"]
[EventDate "2019.10.03"]
[WhiteTeam "Taflfélag Reykjavíkur a-sveit"]
[BlackTeam "Taflfélag Garðabæjar"]

1. d4 d5 2. c4 Nc6 3. Nc3 Nf6 4. cxd5 Nxd5 5. e4 Nxc3 6. bxc3 a6 7. Bc4 b5 8.
Bd3 e6 9. Nf3 Be7 10. O-O O-O 11. Qe2 g6 12. Rd1 Bf6 13. e5 Bg7 14. Bg5 Qd7 15.
Nd2 b4 16. Ne4 h6 17. Bxh6 bxc3 18. Nf6+ Bxf6 19. exf6 Bb7 20. Bg7 Nxd4 21. Qg4
Qd5 22. Be4 Qxe4 23. Qxe4 Bxe4 24. Rxd4 Rfd8 25. Rxe4 c2 26. Ree1 Rab8 27. Rec1
Rb2 28. Bh6 Rxa2 0-1

[Event "Icelandic Team Championship 2019-21 - 1s"]
[Site "Reykjavik (round 1-5) and Self"]
[Date "2021.05.15"]
[Round "7.4"]
[White "Thorsson, Bjarnsteinn"]
[Black "Mai, Alexander Oliver"]
[Result "0-1"]
[WhiteElo "1609"]
[BlackElo "2025"]
[PlyCount "72"]
[EventDate "2019.10.03"]
[WhiteTeam "Taflfélag Garðabæjar"]
[BlackTeam "Taflfélag Reykjavíkur a-sveit"]

1. e4 c5 2. Nf3 d6 3. c3 Nf6 4. Qc2 Qc7 5. d3 g6 6. Be2 Bg7 7. h3 O-O 8. Be3 b6
9. Qd2 Re8 10. Na3 Bb7 11. Nc2 Nbd7 12. O-O d5 13. exd5 Nxd5 14. d4 cxd4 15.
Ncxd4 Nxe3 16. Qxe3 a6 17. Rad1 e5 18. Nb3 Rac8 19. Nfd2 Nf6 20. c4 Qc6 21. f3
Nh5 22. Ne4 Bf8 23. Kh2 Nf4 24. g3 Nxe2 25. Qxe2 f5 26. Ned2 Bh6 27. Qf2 Rcd8
28. Nc1 Rd7 29. Ndb3 Rxd1 30. Rxd1 Qxf3 31. Rf1 Qxf2+ 32. Rxf2 f4 33. Nd3 f3
34. Nb4 e4 35. Nd5 Bxd5 36. cxd5 e3 0-1